Meal management practices of secondary school canteens in Pililla, Rizal, school year 2008-2009 / (Record no. 8804)
[ view plain ]
| 000 -LEADER | |
|---|---|
| fixed length control field | 00766nam a22002057i 4500 |
| 003 - CONTROL NUMBER IDENTIFIER | |
| control field | URS |
| 005 - DATE AND TIME OF LATEST TRANSACTION | |
| control field | 20220114153525.0 |
| 008 - FIXED-LENGTH DATA ELEMENTS--GENERAL INFORMATION | |
| fixed length control field | 190524b ||||| |||| 00| 0 eng d |
| 040 ## - CATALOGING SOURCE | |
| Language of cataloging | eng |
| Description conventions | rda |
| Transcribing agency | URS Pililla Library |
| 082 00 - DEWEY DECIMAL CLASSIFICATION NUMBER | |
| Item number | T BT HRM6 2009 |
| 100 1# - MAIN ENTRY--PERSONAL NAME | |
| Personal name | Banda, Jenny Rose N. |
| Relator term | researcher |
| 245 10 - TITLE STATEMENT | |
| Title | Meal management practices of secondary school canteens in Pililla, Rizal, school year 2008-2009 / |
| Statement of responsibility, etc. | Jenny Rose N. Banda |
| 300 ## - PHYSICAL DESCRIPTION | |
| Extent | xii, 171 leaves; |
| Dimensions | 28 cm. |
| 336 ## - CONTENT TYPE | |
| Content type term | text |
| Content type code | txt |
| Source | rdacontent |
| 337 ## - MEDIA TYPE | |
| Media type term | unmediated |
| Media type code | n |
| Source | rdamedia |
| 338 ## - CARRIER TYPE | |
| Carrier type term | volume |
| Carrier type code | nc |
| Source | rdacarrier |
| 502 ## - DISSERTATION NOTE | |
| Dissertation note | Thesis |
| Degree type | Bachelor of Technology Major in Hotel and Restaurant Management |
| Name of granting institution | University of Rizal System Pililla |
| 700 1# - ADDED ENTRY--PERSONAL NAME | |
| Personal name | Masinsin, Apolinario F. |
| Relator term | adviser |
| 942 ## - ADDED ENTRY ELEMENTS (KOHA) | |
| Source of classification or shelving scheme | Dewey Decimal Classification |
| Koha item type | Theses and dissertations |
| Withdrawn status | Source of classification or shelving scheme | Damaged status | Not for loan | Home library | Current library | Shelving location | Date acquired | Total Checkouts | Full call number | Barcode | Date last seen | Price effective from | Koha item type |
|---|---|---|---|---|---|---|---|---|---|---|---|---|---|
| Dewey Decimal Classification | Not For Loan | Pililla College Library | Pililla College Library | General Stacks | 05/24/2019 | T BT HRM6 2009 | T BT HRM6 2009 | 05/24/2019 | 05/24/2019 | Theses and dissertations |